Krishnamurti / (Record no. 133486)
[ view plain ]
| 000 -LEADER | |
|---|---|
| fixed length control field | 00664nam a22002297a 4500 |
| 005 - DATE AND TIME OF LATEST TRANSACTION | |
| control field | 20170124110210.0 |
| 010 ## - LIBRARY OF CONGRESS CONTROL NUMBER | |
| LC control number | 619754 |
| 020 ## - INTERNATIONAL STANDARD BOOK NUMBER | |
| Terms of availability | 00.00 |
| 035 ## - SYSTEM CONTROL NUMBER | |
| System control number | 619754 |
| 037 ## - SOURCE OF ACQUISITION | |
| Source of stock number/acquisition | Cen Lib/Ret |
| 040 ## - CATALOGING SOURCE | |
| Original cataloging agency | DPL |
| Language of cataloging | EN |
| 082 ## - DEWEY DECIMAL CLASSIFICATION NUMBER | |
| Classification number | 181.499 |
| Item number | MET |
| 100 ## - MAIN ENTRY--PERSONAL NAME | |
| Personal name | Methorst-Kuiper, A. J. G |
| 9 (RLIN) | 38076 |
| 245 ## - TITLE STATEMENT | |
| Title | Krishnamurti / |
| Statement of responsibility, etc | by A. J. G. Methorst-Kuiper |
| 260 ## - PUBLICATION, DISTRIBUTION, ETC. (IMPRINT) | |
| Name of publisher, distributor, etc | Chetana |
| Place of publication, distribution, etc | Bombay |
| 270 ## - ADDRESS | |
| City | Bombay |
| Address | 34, Rampart Row |
| 300 ## - PHYSICAL DESCRIPTION | |
| Extent | 81p. |
| Dimensions | 16cm(Hb) |
| 500 ## - GENERAL NOTE | |
| General note | Includes bibliographical references<br/> |
| 650 ## - SUBJECT ADDED ENTRY--TOPICAL TERM | |
| Topical term or geographic name as entry element | Krishnamurti, J. -- (Jiddu), -- 1895-1986 |
| 9 (RLIN) | 38077 |
| 650 ## - SUBJECT ADDED ENTRY--TOPICAL TERM | |
| Topical term or geographic name as entry element | Philosophy, Indic |
| 9 (RLIN) | 38078 |
| 942 ## - ADDED ENTRY ELEMENTS (KOHA) | |
| Source of classification or shelving scheme | Dewey Decimal Classification |
| Koha item type | English Books |
| Classification part | 181.499 |
| Call number suffix | MET |
| Withdrawn status | Lost status | Damaged status | Not for loan | Home library | Current library | Date acquired | Source of acquisition | Cost, normal purchase price | Total Checkouts | Full call number | Barcode | Date last seen | Copy number | Cost, replacement price | Price effective from | Koha item type |
|---|---|---|---|---|---|---|---|---|---|---|---|---|---|---|---|---|
| Central Library | Central Library | 27/07/2015 | Cen Lib/Ret | 0.00 | 181.499 MET | 619754 | 27/07/2015 | 1 | 0.00 | 27/07/2015 | English Books |
